| 000 | 00772nam a22002297a 4500 | ||
|---|---|---|---|
| 005 | 20170124110011.0 | ||
| 010 | _aB-058599 | ||
| 020 |
_c00.00 _a8176293504 |
||
| 035 | _aB-058599 | ||
| 037 | _bCen Lib/Ret | ||
| 040 |
_aDPL _bEN |
||
| 082 |
_a350.00954 _bJAI |
||
| 100 |
_aJain, R. B. _95458 |
||
| 245 |
_aPublic administration in India : _cby R. B. Jain _b21st century challenges for good governance / |
||
| 260 |
_aNew Delhi _bDeep and Deep Publications _c2001 |
||
| 270 |
_bNew Delhi _aF-159, Rajouri Garden _e110027 |
||
| 300 |
_axx,506p. _c21cm(Hb) |
||
| 500 | _aIncludes bibliographical references and index | ||
| 650 |
_aPublic administration -- India _917801 |
||
| 650 |
_aPublic administration _94733 |
||
| 942 |
_2ddc _cEN _h350.00954 _mJAI |
||
| 999 |
_c126544 _d126544 |
||